000 02094nam0a2200397 4500
001 RU\NLR\bibl\1702555
005 20260407133723.0
010 _a978-5-91419-365-9
_91000
021 _aRU
_b2010-87717
_95883
035 _a(NLR Aleph) 001693624
090 _a1176372
_c1176372
100 _a20100819d2010 |||y0rusy50 ca
101 0 _arus
102 _aRU
105 _ay |||||||||
200 1 _aРоссия и Сербия глазами историков двух стран
_e[сборник]
_fРос. акад. наук, Ин-т славяноведения
_g[отв. ред. К.В. Никифоров, д.и.н.]
210 _aСанкт-Петербург
_cАлетейя
_d2010
215 _a311 с.
_d21
225 1 _aСерия "Bibliotheca Serbica"
_fредкол.: чл.-корр. РАН В.К. Волков (пред.) [и др.]
320 _aБиблиогр. в подстроч. примеч.
325 _aКопия доступна в Электрон. б-ке РНБ http://vivaldi.nlr.ru/bx000030708/view
607 _aРоссия
_xВзаимоотношения
_yСербия
_z17 - 20 вв.
_92236763
_3RU\NLR\auth\661342319
607 _aСербия
_xВзаимоотношения
_yРоссия
_z17 - 20 вв.
_92236768
_3RU\NLR\auth\661342321
686 _aТ3(2)0-64(4Ю4С)
686 _aТ3(4Ю4С)0-64(2)
702 1 _4340
_8rus
_7ca
_aНикифоров
_bК. В.
_f1956-
_cд-р ист. наук
_gКонстантин Владимирович
_3RU\NLR\auth\7764934
_947863
712 0 2 _4570
_aИнститут славяноведения
_cМосква
_3RU\NLR\AUTH\889998985
_9495381
801 0 _aRU
_bNLR
_c20100819
_gRCR
801 1 _aRU
_bNLR
_c20100819
942 _cBOOK
980 _aNB
981 1 3 _a(13) Документы, защищенные авторским правом
_b(13) Современная научная, научно-популярная и популярная литература